| 000 | 00792cam a2200133 4500500 | ||
|---|---|---|---|
| 005 | 20251214005325.0 | ||
| 041 | _afre | ||
| 042 | _adc | ||
| 100 | 1 | 0 |
_aRollet, Catherine _eauthor |
| 245 | 0 | 0 | _aIntroduction à la démographie |
| 260 |
_bArmand Colin,
_c2011. |
||
| 520 | _aPrésentation des principales sources de la démographie, à travers les indicateurs de base et les modes de représentation les plus courants appliqués aux phénomènes démographiques. A jour des nouvelles interrogations portant sur les relations entre les populations et leur environnement, l’eau, la qualité de l’air, ou l’influence des hommes sur les variations climatiques. | ||
| 856 | 4 | 1 | _uhttps://shs.cairn.info/introduction-a-la-demographie--9782200259914?lang=fr&redirect-ssocas=7080 |
| 999 |
_c1568770 _d1568770 |
||